Apartmány Technik
Guardado en:
| Autor principal: | |
|---|---|
| Otros Autores: | |
| Formato: | Manuscrito Libro |
| Lenguaje: | eslovaco |
| Publicado: |
Bratislava
2015
|
| Materias: | |
| Acceso en línea: | http://is.stuba.sk/zp/portal_zp.pl?podrobnosti=94370 |
| Etiquetas: |
Sin Etiquetas, Sea el primero en etiquetar este registro!
|
MARC
| LEADER | 00000ntm a22000003a 4500 | ||
|---|---|---|---|
| 001 | stuzp52182 | ||
| 003 | SK-STU | ||
| 005 | 20210226105747.7 | ||
| 007 | ta | ||
| 008 | 150427s2015----xo-----f-mn---000-0-slo-d | ||
| 040 | |a STU |b slo | ||
| 041 | 0 | |a slo | |
| 100 | 1 | |a Demeš, Vojtech |u 058180 |4 aut |U FAD Fakulta architektúry |T FA Ústav architektúry občianskych budov |X 62290 |U A8180 |Y 399 |7 62290 | |
| 242 | 0 | 1 | |a Apartments Technik |y eng |
| 245 | 1 | 0 | |a Apartmány Technik |
| 260 | |c 2015 |a Bratislava | ||
| 650 | 4 | |a priečna os |2 slo | |
| 650 | 4 | |a STU |2 slo | |
| 650 | 4 | |a apartmán |2 slo | |
| 650 | 4 | |a apartments |2 eng | |
| 650 | 4 | |a education |2 eng | |
| 650 | 4 | |a STU |2 eng | |
| 700 | 1 | |a Korček, Pavol, |d 1977- |4 ths |X 3546 |7 A000003546 | |
| 856 | 4 | |u http://is.stuba.sk/zp/portal_zp.pl?podrobnosti=94370 |u https://opac.crzp.sk/?fn=detailBiblioForm&sid=367CD704F5D5570C76EEF0DE3652 | |
| SQL | |a stuzp52182 |b DBP |c SLO |d Apartmány Technik |e 62290 |f Demeš, Vojtech |g 058180 |h 3546 |i Korček, Pavol |j 20150611 |k 149 |l 05 |m http://is.stuba.sk/zp/portal_zp.pl?podrobnosti=94370 |n B-AU |o 5.1.1. architektúra a urbanizmus | ||